| 000 | 03245cam a2200481 4500500 | ||
|---|---|---|---|
| 005 | 20251228051818.0 | ||
| 041 | _afre | ||
| 042 | _adc | ||
| 100 | 1 | 0 |
_aDoussan, Isabelle _eauthor |
| 700 | 1 | 0 |
_aLeray, Grégoire _eauthor |
| 700 | 1 | 0 |
_aBardy, Jennifer _eauthor |
| 700 | 1 | 0 |
_aGardes, Charlotte _eauthor |
| 700 | 1 | 0 |
_aGiorgini, Giulio Cesare _eauthor |
| 700 | 1 | 0 |
_aMartin, Gilles J. _eauthor |
| 700 | 1 | 0 |
_aIlcheva, Ana-Maria _eauthor |
| 700 | 1 | 0 |
_aParachkevova-Racine, Irina _eauthor |
| 700 | 1 | 0 |
_aReis, Patrice _eauthor |
| 700 | 1 | 0 |
_aTeller, Marina _eauthor |
| 700 | 1 | 0 |
_aVanuls, Caroline _eauthor |
| 245 | 0 | 0 | _aChronique de droit privé et de droit économique de l’environnement 2019-2021 |
| 260 | _c2022. | ||
| 500 | _a49 | ||
| 520 | _aUne nouvelle fois, cette chronique montre la diffusion des enjeux environnementaux au sein du droit privé et du droit économique, mais sans doute de manière encore trop timide compte tenu de l’urgence à agir. C’est le cas pour la loi dite « Climat et résilience », qui touche le droit des sociétés, le droit du travail, le droit de la commande publique, tandis que l’adoption de la Taxonomie européenne permet de doter le droit financier d’une classification des activités économiques ayant un impact favorable sur l’environnement. C’est encore la question climatique qui donne lieu à de nouveaux types de contentieux dont cette chronique fait état ou au difficile traitement de l’empreinte écologique du numérique. Enfin, préjudice écologique et ORE reviennent sur le devant de la scène à l’occasion d’une QPC pour le premier et d’une tentative de neutralisation pour les secondes. | ||
| 520 | _aOnce again, this column shows the propagation of environmental issues within private law and economic law, but probably still in a too timid way considering the urgency to take action. It is the case of the so-called "climate and resilience" law, which affects company law, labor law, and public procurement law, while the adoption of the European taxonomy provides financial law with a classification of economic activities with a favorable impact on the environment. It is also the climate issue that gives rise to new types of litigation, as described in this column, or to the difficult treatment of the ecological footprint of digital technology. Finally, ecological prejudice and the ORE are back in the spotlight with a QPC for the former and an attempt to neutralize the latter. | ||
| 690 | _achangements climatiques | ||
| 690 | _adroit de la concurrence | ||
| 690 | _adroit des sociétés | ||
| 690 | _adroit du travail | ||
| 690 | _adroit économique | ||
| 690 | _adroit financier | ||
| 690 | _amarchés publics | ||
| 690 | _aresponsabilité civile | ||
| 690 | _acivil liability | ||
| 690 | _aclimate change | ||
| 690 | _acompetition law | ||
| 690 | _acorporate law | ||
| 690 | _aeconomic law | ||
| 690 | _afinancial law | ||
| 690 | _alabor law | ||
| 690 | _apublic procurement | ||
| 786 | 0 | _nRevue juridique de l’environnement | Volume 47 | 2 | 2022-06-23 | p. 321-339 | 0397-0299 | |
| 856 | 4 | 1 | _uhttps://droit.cairn.info/revue-juridique-de-l-environnement-2022-2-page-321?lang=fr&redirect-ssocas=7080 |
| 999 |
_c1582374 _d1582374 |
||